Internal combustion engine theory and practice / (Record no. 14892)
[ view plain ]
| 000 -LEADER | |
|---|---|
| fixed length control field | 00451nam a2200133 a 4500 |
| 100 1# - MAIN ENTRY--AUTHOR NAME | |
| Personal name | Sen, S.P. |
| 245 10 - TITLE STATEMENT | |
| Title | Internal combustion engine theory and practice / |
| 260 ## - PUBLICATION, DISTRIBUTION, ETC. (IMPRINT) | |
| Place of publication | [S.l.] : |
| Name of publisher | Delhi: Khanna publishers 2nd ed., |
| Year of publication | 1984. |
| 300 ## - PHYSICAL DESCRIPTION | |
| Number of Pages | 615 p. |
| 856 40 - ELECTRONIC LOCATION AND ACCESS | |
| Uniform Resource Identifier | http://www.amazon.com/exec/obidos/ASIN/B00S0HXCFK/chopaconline-20 |
| Withdrawn status | Lost status | Collection code | Home library | Current library | Date acquired | Cost, normal purchase price | Full call number | Accession Number | Koha item type |
|---|---|---|---|---|---|---|---|---|---|
| Reference | Reference Section | Reference Section | 30/11/2015 | 58.80 | 621.43SEN (Shelf - 64E) | 13667 | Books |